Central Library OPAC University of Rajshahi

A Comprehensive bibliography on agriculture and rural development / (Record no. 52246)

MARC details
000 -LEADER
fixed length control field 01008nam a2200289 a 4500
001 - CONTROL NUMBER
control field 52246
003 - CONTROL NUMBER IDENTIFIER
rucl marc code BD-RjUL
005 - DATE AND TIME OF LATEST TRANSACTION
control field 20211209075755.0
008 - FIXED-LENGTH DATA ELEMENTS--GENERAL INFORMATION
fixed length control field 950309s1994 bg b 001 0 eng
020 ## - INTERNATIONAL STANDARD BOOK NUMBER
International Standard Book Number 9840512552
Terms of availability : Tk. 550.00
035 ## - SYSTEM CONTROL NUMBER
System control number (BD-RjUL)52366
040 ## - CATALOGING SOURCE
Original cataloging agency DLC
Transcribing agency DLC
Language of cataloging eng
Modifying agency BD-RjUL
041 ## - LANGUAGE CODE
Language code of text/sound track or separate title eng
082 00 - DEWEY DECIMAL CLASSIFICATION NUMBER
Classification number 016.3381095492
Edition number 23
Author mark and year ALC 1994
100 2# - MAIN ENTRY--PERSONAL NAME
Personal name Ali, A. M. M. Shawkat
9 (RLIN) 156282
245 10 - TITLE STATEMENT
Title A Comprehensive bibliography on agriculture and rural development /
Statement of responsibility, etc. A.M.M. Shawkat Ali, Mujibur Rahman Khan.
260 ## - PUBLICATION, DISTRIBUTION, ETC. (IMPRINT)
Place of publication, distribution, etc. Dhaka:
Name of publisher, distributor, etc. University Press Ltd.,
Date of publication, distribution, etc. 1994.
300 ## - PHYSICAL DESCRIPTION
Pagination iv, 497 p. ;
Size 25 cm.
500 ## - GENERAL NOTE
General note Includes indexes.
520 ## - SUMMARY, ETC.
Summary, etc. Chiefly with reference to Bangladesh.
650 #0 - SUBJECT ADDED ENTRY--TOPICAL TERM
Topical term or geographic name as entry element Agriculture
Geographic subdivision Bangladesh
General subdivision Bibliography.
9 (RLIN) 156283
Topical term or geographic name as entry element Rural development
Geographic subdivision Bangladesh
General subdivision Bibliography.
9 (RLIN) 156284
651 #0 - SUBJECT ADDED ENTRY--GEOGRAPHIC NAME
Geographic name Bangladesh
General subdivision Imprints.
9 (RLIN) 156285
700 1# - ADDED ENTRY--PERSONAL NAME
Personal name Khan, Mujibur Rahman, Jt. auth.
942 ## - ADDED ENTRY ELEMENTS (KOHA)
Source of classification or shelving scheme Dewey Decimal Classification
Koha item type Reference
Holdings
Lost status Source of classification or shelving scheme Damaged status Not for loan Collection code Permanent Location Current Location Shelving location Date acquired Source of acquisition Total Checkouts Full call number Date last seen Copy number Koha item type
  Dewey Decimal Classification   Not For Loan Reference Central Library, University of Rajshahi Central Library, University of Rajshahi   23/07/1997 Anrong, Dhaka   R 016.3381095492 ALC 1994 07/09/2016 C-1 Reference